000 00734nam a2200241 i 4500
003 DO-SdBNP
005 20240305132735.0
007 ta
008 240304b190? dr ||||| |||| 00| 0 spa d
020 _a9789945892437
040 _aDO-SdBNP
_bspa
_cBNPHU
_erda
082 4 _bH6732
_222
100 1 _aBidó, Victor,
_d1959-
_923507
245 1 0 _aHistoria de América :
_b1ero. bachellerato
264 _aSanto Domingo :
_bInstituto Dominicano de Educación Integral,
_cfecha no identificada.
300 _apáginas no indentificadas
_c28 cm.
336 _2rdacontent
_atexto
_btxt
337 _2rdamedia
_asin mediación
_bn
338 _2rdacarrier
_avolumen
_bnc
590 _aInventariado, 2024/DG
910 _aDG
942 _2ddc
_cLBS1
999 _c56024
_d56024